La última cinta; (Record no. 188636)
[ view plain ]
| 000 -LEADER | |
|---|---|
| campo de control de longitud fija | 00805nam a2200229 i 4500 |
| 001 - NÚMERO DE CONTROL | |
| campo de control | 188636 |
| 003 - IDENTIFICADOR DE NÚMERO DE CONTROL | |
| campo de control | ES-MaACL |
| 005 - FECHA Y HORA DE LA ÚLTIMA TRANSACCIÓN | |
| campo de control | 20250824081508.0 |
| 007 - CAMPO FIJO DE DESCRIPCIÓN FÍSICA--INFORMACIÓN GENERAL | |
| campo de control de longitud fija | t| |
| 008 - DATOS DE LONGITUD FIJA--INFORMACIÓN GENERAL | |
| campo de control de longitud fija | 190116s1964 sp ||||1| spa d |
| 100 1# - ENTRADA PRINCIPAL--NOMBRE DE PERSONA | |
| Nombre de persona | Beckett, Samuel, |
| Fechas asociadas al nombre | 1906-1989 |
| 9 (RLIN) | 240713 |
| 245 13 - MENCIÓN DEL TÍTULO | |
| Título | La última cinta; |
| Resto del título | Acto sin palabras : con diversos ensayos y comentarios / |
| Mención de responsabilidad, etc. | Samuel Beckett ; [traducción de, Luce Moreau Arrabal, José Manuel Azpeitia]. |
| 246 3# - FORMA VARIANTE DEL TITULO | |
| Título propio/Titulo breve | Acto sin palabras |
| 260 ## - PUBLICACIÓN, DISTRIBUCIÓN, ETC. | |
| Lugar de publicación, distribución, etc. | Barcelona : |
| Nombre del editor, distribuidor, etc. | Aymá, |
| Fecha de publicación, distribución, etc. | 1964. |
| 300 ## - DESCRIPCIÓN FÍSICA | |
| Extensión | 136 p., 2 lám. ; |
| Dimensiones | 19 cm. |
| 490 1# - MENCIÓN DE SERIE | |
| Mención de serie | Voz imagen. Teatro ; |
| Designación de volumen o secuencia | 5 |
| 700 1# - ENTRADA AGREGADA--NOMBRE PERSONAL | |
| Nombre de persona | Azpeitia, José Manuel. |
| 9 (RLIN) | 165968 |
| 700 1# - ENTRADA AGREGADA--NOMBRE PERSONAL | |
| Nombre de persona | Moreau Arrabal, Luce. |
| 9 (RLIN) | 147739 |
| 830 10 - PUNTO DE ACCESO ADICIONAL DE SERIE-TÍTULO UNIFORME | |
| Título uniforme | Voz imagen. |
| Nombre de parte o sección de la obra | Teatro |
| Designación de volumen o secuencia | 5 |
| 9 (RLIN) | 193124 |
| 852 ## - LOCALIZACIÓN | |
| Ubicación | ES-MaACL |
| Número de control de estantería | P-295-Ter-4 |
| Estatus retirado | Estado de pérdida | Estado de daño | No para préstamo | Biblioteca de origen | Biblioteca actual | Ubicación en estantería | Fecha de adquisición | Fuente de adquisición | Total de préstamos | Signatura topográfica completa | Código de barras | Visto por última vez | Precio de reemplazo | Tipo de ítem Koha |
|---|---|---|---|---|---|---|---|---|---|---|---|---|---|---|
| Biblioteca del Ateneo de Madrid | Biblioteca del Ateneo de Madrid | Depósito 2 | 16/01/2019 | P-295-Ter-4 | 1199632 | 23/02/2023 | 23/02/2023 | Libro impreso |
